000 00709nam a2200289Ia 4500
005 20260324142937.0
008 008 260324s9999 xx 000 0 eng d
020 _a9780203053652
037 _aEBOOK
040 _aCRL
040 _beng
040 _cCRL
041 _2eng
041 _aeng
084 _qCRL
100 _aMargo Anderson; Lowell R. Jacobsen; Gavin Reid
_91213812
245 0 _aProfiles in Small Business
245 2 _bA Competitive Strategy Approach
260 _bTaylor and Francis
260 _c1993
365 _a
365 _b195
856 _uhttp://www.taylorfrancis.com/books/9780203053652
942 _cEBOOK
999 _c1818613
_d1818613